[Event "novice/ beginner/ and intermediate Tourney"]
[Site "SchemingMind.com"]
[Date "2013.08.06"]
[Round "-"]
[White "David Hartley"]
[Black "Iucounu"]
[Result "1-0"]
[WhiteCountry "ENG"]
[BlackCountry "ENG"]
[WhiteElo "1811"]
[WhiteRD "67"]
[BlackElo "1490"]
[BlackRD "63"]
[GameID "336368"]

1. e4 e5 2. Nf3 Nc6 3. Bc4 Nf6 4. Ng5 Bc5 5. Bxf7+ Ke7 6. Bd5 Rf8 7. O-O d6 8. d3 h6 9. Nf3 Bg4 10. c3 a6
11. Re1 Qd7 12. Be3 Rae8 13. Nbd2 Kd8 14. b4 Bxe3 15. Rxe3 Nxd5 16. exd5 Ne7 17. Qb3 Bxf3 18. Nxf3 Nf5 19. Re2 Qf7 20. c4 Nd4
21. Nxd4 exd4 22. Rae1 Rxe2 23. Rxe2 Qh5 24. Qd1 Re8 25. Rxe8+ Qxe8 26. Kf1 b6 27. Qe2 Qxe2+ 28. Kxe2 Ke7 29. Kf3 Kf6 30. Ke4 g5
31. a4 h5 32. Kxd4 Kf5 33. Ke3 h4 34. h3 Ke5 35. d4+ Kf5 36. Kf3 a5 37. bxa5 bxa5 38. Ke3 g4 39. f3 gxf3 40. gxf3 Kg5
41. Ke4
1-0

[Event "novice/ beginner/ and intermediate Tourney"]
[Site "SchemingMind.com"]
[Date "2013.08.06"]
[Round "-"]
[White "Iucounu"]
[Black "David Hartley"]
[Result "0-1"]
[WhiteCountry "ENG"]
[BlackCountry "ENG"]
[WhiteElo "1464"]
[WhiteRD "57"]
[BlackElo "1807"]
[BlackRD "71"]
[GameID "336370"]

1. e4 e5 2. Nf3 Nc6 3. Bb5 a6 4. Ba4 Nf6 5. O-O Be7 6. Re1 b5 7. Bb3 d6 8. c3 O-O 9. h3 Na5 10. Bc2 c5
11. d4 exd4 12. cxd4 cxd4 13. Nxd4 Bb7 14. Nd2 Qb6 15. N2b3 Nc6 16. Be3 Qd8 17. a3 d5 18. Nxc6 Bxc6 19. Nd4 Bb7 20. exd5 Nxd5
21. Bb3 Bf6 22. Bxd5 Qxd5 23. Qf3 Qxf3 24. gxf3 Rad8 25. Nf5 Bxb2 26. Ra2 Bf6 27. Bb6 Rd3 28. Ne7+ Bxe7 29. Rxe7 Bxf3 30. Be3 Bd5
31. Rd2 Rxd2 32. Bxd2 Ra8 33. Bb4 h6 34. f4 a5 35. Bc5 Rc8 36. Bb6 a4 37. Ba5 Rc2 38. Bb4 Bc4 39. Rd7 Re2 40. Rd4 Kh7
41. f5 Re5 42. Rf4 f6 43. h4 Bd3 44. Bd6 Rd5 45. Bb4 Bxf5 46. Kf2 Kg6 47. Rf3 Kh5 48. Kg3 Kg6 49. Rc3 Rd3+ 50. Rxd3 Bxd3
0-1

[Event "novice/ beginner/ and intermediate Tourney"]
[Site "SchemingMind.com"]
[Date "2013.08.15"]
[Round "-"]
[White "Timaeus"]
[Black "emvarela"]
[Result "0-1"]
[WhiteCountry "JPN"]
[BlackCountry "ARG"]
[WhiteElo "1462"]
[WhiteRD "77"]
[BlackElo "1760"]
[BlackRD "50"]
[GameID "336574"]

1. e3 e5 2. Qf3 Nf6 3. Nc3 d5 4. d3 c5 5. Nge2 Nc6 6. g3 Be6 7. Bd2 a6 8. Bg2 Bd6 9. h3 Qb6 10. g4 Nb4
11. O-O-O O-O 12. a3 Nc6 13. e4 dxe4 14. Nxe4 Nxe4 15. Qxe4 Rab8 16. Nc3 Ne7 17. Na4 Qc6 18. Qxh7+ Kxh7 19. Bxc6 Nxc6 20. b3 b5
21. Nc3 c4 22. dxc4 Bxa3+ 23. Kb1 bxc4 24. Ka2 Bc5 25. Ne4 cxb3+ 26. Kb1 bxc2+ 27. Kxc2 Bb3+ 28. Kd3 Rfd8+ 29. Ke2 Nd4+ 30. Ke1 Bxd1
31. Kxd1 Rb1+ 32. Bc1 Ba3
0-1

[Event "novice/ beginner/ and intermediate Tourney"]
[Site "SchemingMind.com"]
[Date "2013.08.11"]
[Round "-"]
[White "Holty"]
[Black "Jerry Sven"]
[Result "1-0"]
[WhiteCountry "ENG"]
[BlackCountry "USA"]
[WhiteElo "1649"]
[WhiteRD "59"]
[BlackElo "1262"]
[BlackRD "115"]
[GameID "336575"]

1. d4 Nf6 2. Nf3 g6 3. e3 Bg7 4. Bd3 O-O 5. c3 c6 6. Nbd2 Na6 7. O-O Nc7 8. Re1 b5 9. a3 a6 10. e4 d5
11. Nb3 e6 12. Ne5 Nxe4 13. Nxc6 Qd7 14. Nb4 a5 15. Nc2 b4 16. axb4 axb4 17. Nxb4 Rxa1 18. Nxa1 Nb5 19. Qa4 Ned6 20. Nb3 Bb7
21. Nc5 Qc7 22. Bf4 Ra8 23. Qxb5 Nxb5 24. Bxc7 Nxc7 25. Nxb7 Ra7 26. Nc5 f5 27. f4 Bh6 28. g3 Bf8 29. Nxe6 Nxe6 30. Rxe6 Ra1+
31. Kg2 Ra7 32. Nxd5 Ra5 33. Nb4 Kf7 34. Bc4 Ra7 35. Ra6+
1-0

[Event "novice/ beginner/ and intermediate Tourney"]
[Site "SchemingMind.com"]
[Date "2013.08.15"]
[Round "-"]
[White "emvarela"]
[Black "Timaeus"]
[Result "1-0"]
[WhiteCountry "ARG"]
[BlackCountry "JPN"]
[WhiteElo "1713"]
[WhiteRD "51"]
[BlackElo "1443"]
[BlackRD "74"]
[GameID "336578"]

1. e4 e5 2. Nf3 d6 3. d4 Nc6 4. Bb5 Bd7 5. Nc3 Nf6 6. O-O h6 7. Re1 Nxd4 8. Bxd7+ Qxd7 9. Nxd4 exd4 10. Qxd4 c5
11. Qa4 Be7 12. Qxd7+ Nxd7 13. Nd5 Ne5 14. Nc7+ Kd7 15. Nxa8 Rxa8 16. f4 Bh4 17. Re2 Ng6 18. g3 Bf6 19. c3 Re8 20. Bd2 Nf8
21. Rd1 Ne6 22. e5 dxe5 23. fxe5 Be7 24. Bxh6+ Kc7 25. Be3 b6 26. Red2 Kc6 27. Rd7 Rd8 28. Rxd8 Bxd8 29. Kf2 Bc7 30. Kf3 Bxe5
31. Bf4 Bf6 32. Rd6+ Kb5 33. Rd7 Ng5+ 34. Bxg5 Bxg5 35. Rxa7
1-0

[Event "novice/ beginner/ and intermediate Tourney"]
[Site "SchemingMind.com"]
[Date "2013.08.10"]
[Round "-"]
[White "Jerry Sven"]
[Black "Holty"]
[Result "1/2-1/2"]
[WhiteCountry "USA"]
[BlackCountry "ENG"]
[WhiteElo "1283"]
[WhiteRD "112"]
[BlackElo "1643"]
[BlackRD "59"]
[GameID "336579"]

1. Nf3 e6 2. g3 f5 3. Bg2 Nf6 4. O-O d5 5. d3 Bd6 6. Nbd2 O-O 7. Re1 Nbd7 8. c3 e5 9. e4 fxe4 10. dxe4 Nc5
11. Ng5 Bg4 12. f3 Bd7 13. exd5 Nxd5 14. Nge4 Nd3 15. Re2 Nf6 16. Nxd6 cxd6 17. Re3 Nxc1 18. Rxc1 Qb6 19. Qe2 Qxb2 20. Nb3 Qxe2
21. Rxe2 Rac8 22. Rce1 Rxc3 23. f4 Bb5 24. Re3 Rxe3 25. Rxe3 Ng4 26. Re1 Bc6 27. h3 Nf6 28. fxe5 dxe5 29. Rxe5 Bxg2 30. Kxg2 Re8
31. Ra5 a6=
1/2-1/2

[Event "novice/ beginner/ and intermediate Tourney"]
[Site "SchemingMind.com"]
[Date "2013.08.11"]
[Round "-"]
[White "swayne"]
[Black "Karin"]
[Result "0-1"]
[WhiteCountry "ENG"]
[BlackCountry "SWE"]
[WhiteElo "1285"]
[WhiteRD "97"]
[BlackElo "1768"]
[BlackRD "138"]
[GameID "336634"]

1. e4 e6 2. d4 d5 3. e5 c5 4. b3 Nc6 5. Nf3 Qb6 6. Bb2 Be7 7. Be2 cxd4 8. Bxd4 Nxd4 9. Nxd4 f6 10. exf6 Nxf6
0-1

[Event "novice/ beginner/ and intermediate Tourney"]
[Site "SchemingMind.com"]
[Date "2013.08.11"]
[Round "-"]
[White "Karin"]
[Black "swayne"]
[Result "1-0"]
[WhiteCountry "SWE"]
[BlackCountry "ENG"]
[WhiteElo "1768"]
[WhiteRD "138"]
[BlackElo "1285"]
[BlackRD "97"]
[GameID "336636"]

1. e4 e5 2. f4 Nc6 3. Nf3 d6 4. d4 Bg4 5. Bb5 a6 6. Bxc6+ bxc6 7. O-O Nf6 8. Nc3 Be7 9. dxe5 dxe5 10. Qxd8+ Rxd8
11. Nxe5
1-0

[Event "novice/ beginner/ and intermediate Tourney"]
[Site "SchemingMind.com"]
[Date "2013.08.13"]
[Round "-"]
[White "James Reed"]
[Black "Arthur Wilding"]
[Result "0-1"]
[WhiteCountry "ENG"]
[BlackCountry "WLS"]
[WhiteElo "1392"]
[WhiteRD "60"]
[BlackElo "1312"]
[BlackRD "76"]
[GameID "336762"]

1. e4 e5 2. Nf3 d6 3. d4 exd4 4. Nxd4 Nf6 5. Nc3 Bg4 6. Be2 Bxe2 7. Qxe2 Be7 8. O-O O-O 9. h3 Qd7 10. Bf4 Re8
11. Rfe1 Nc6 12. Nxc6 bxc6 13. a3 Rab8 14. b4 Kh8 15. e5 dxe5 16. Bxe5 Bd6 17. Qd2 Bxe5 18. Qxd7 Nxd7 19. Na4 Nf6 20. Nc5 Nd5
21. Nd7 Rbd8 22. Nc5 Bxa1 23. Rxa1 Nc3 24. Nb7 Rd1+ 25. Rxd1 Nxd1 26. c4 Re2 27. Kf1 Ra2 28. Nd8 Rxa3 29. Nxc6 a6 30. Nd4 Ra2
31. Ke1 Nc3 32. h4 a5 33. bxa5 Rxa5 34. Nc6 Ra4 35. Ne5 Ne4 36. Nxf7+ Kg8 37. Ne5 c5 38. Ke2 Nd6 39. Kd3 Ra1 40. g3 Rf1
41. f3 Nf7
0-1

[Event "novice/ beginner/ and intermediate Tourney"]
[Site "SchemingMind.com"]
[Date "2013.08.13"]
[Round "-"]
[White "Arthur Wilding"]
[Black "James Reed"]
[Result "0-1"]
[WhiteCountry "WLS"]
[BlackCountry "ENG"]
[WhiteElo "1312"]
[WhiteRD "76"]
[BlackElo "1392"]
[BlackRD "60"]
[GameID "336766"]

1. d4 Nf6 2. e3 d5 3. Nf3 c6 4. Nc3 Bg4 5. Be2 Nbd7 6. Ne5 Nxe5 7. dxe5 Bxe2 8. Qxe2 Ne4 9. Nxe4 dxe4 10. O-O e6
11. b3 Bc5 12. Bb2 O-O 13. Rfd1 Qc7 14. Rd2 Rfe8 15. a4 h6 16. Rad1 Rad8 17. Rxd8 Rxd8 18. Rxd8+ Qxd8 19. h3 a6 20. Bc3 b6
21. b4 Be7 22. Qxa6 Bg5 23. Bd4 Be7 24. c3 c5 25. bxc5 bxc5 26. Bxc5 Bxc5 27. Qc6 Be7 28. Qc4 Qa8 29. g3 Bd8 30. Qb5 Ba5
31. c4 Bc3 32. a5 Bxa5 33. c5 Bc7 34. Qc6 Qxc6
0-1

[Event "novice/ beginner/ and intermediate Tourney"]
[Site "SchemingMind.com"]
[Date "2013.08.16"]
[Round "-"]
[White "Savage72"]
[Black "Scooter"]
[Result "0-1"]
[WhiteCountry "NED"]
[BlackCountry "USA"]
[WhiteElo "1561"]
[WhiteRD "66"]
[BlackElo "1743"]
[BlackRD "51"]
[GameID "336975"]

1. e4 c6 2. d4 d5 3. exd5 cxd5 4. Bd3 Nf6 5. c3 g6 6. Ne2 Bg7 7. Bf4 O-O 8. Qc1 e6 9. Nd2 Nbd7 10. Nf3 a6
11. Ng3 b5 12. Bh6 Ng4 13. Bxg7 Kxg7 14. h3 Ngf6 15. Ne2 Bb7 16. Nf4 Rc8 17. O-O b4 18. Qd2 bxc3 19. bxc3 Nb6 20. Rfe1 Nc4
0-1

[Event "novice/ beginner/ and intermediate Tourney"]
[Site "SchemingMind.com"]
[Date "2013.08.16"]
[Round "-"]
[White "Scooter"]
[Black "Savage72"]
[Result "1-0"]
[WhiteCountry "USA"]
[BlackCountry "NED"]
[WhiteElo "1743"]
[WhiteRD "51"]
[BlackElo "1561"]
[BlackRD "66"]
[GameID "336976"]

1. d4 Nf6 2. Nf3 d6 3. Bf4 Nbd7 4. e3 c6 5. Be2 Qc7 6. O-O e5 7. dxe5 dxe5 8. Bg3 Be7 9. Nbd2 b5 10. b3 h6
11. c4 a6 12. Qc2 g5 13. cxb5 axb5 14. Bxb5 Bb7 15. Rfc1 Bb4 16. Bxc6 Bxc6 17. Qxc6 Qxc6 18. Rxc6 Nd5 19. Ne4 f5 20. Nd6+
1-0

[Event "novice/ beginner/ and intermediate Tourney"]
[Site "SchemingMind.com"]
[Date "2013.08.18"]
[Round "-"]
[White "A330"]
[Black "nofischer"]
[Result "1-0"]
[WhiteCountry "ENG"]
[BlackCountry "USA"]
[WhiteElo "1985"]
[WhiteRD "74"]
[BlackElo "1449"]
[BlackRD "119"]
[GameID "337042"]

1. e4 e5 2. Nf3 d6 3. Bc4 h6 4. O-O Nf6 5. Nc3 c6 6. d4 Bg4 7. dxe5 Ng8 8. h3 Be6 9. Bxe6 fxe6 10. Nd4 Qd7
11. exd6 Bxd6 12. e5 Bxe5 13. Qh5+ Qf7 14. Qxe5 Kd7 15. Nxe6 Qxe6 16. Rd1+ Ke7 17. Qxg7+ Ke8 18. Bg5 hxg5 19. Re1
1-0

[Event "novice/ beginner/ and intermediate Tourney"]
[Site "SchemingMind.com"]
[Date "2013.08.18"]
[Round "-"]
[White "nofischer"]
[Black "A330"]
[Result "0-1"]
[WhiteCountry "USA"]
[BlackCountry "ENG"]
[WhiteElo "1449"]
[WhiteRD "119"]
[BlackElo "1985"]
[BlackRD "74"]
[GameID "337043"]

1. e4 e5 2. f4 d6 3. Nf3 Nc6 4. Nc3 Bd7 5. Bb5 a6 6. Bc4 Nf6 7. O-O Na5 8. Qe2 Nxc4 9. d3 Nb6 10. b3 exf4
11. Bxf4 Be7 12. Be3 O-O 13. a4 Be6 14. Ng5 Nbd7 15. h4 Bg4 16. Qf2 h6 17. Nf3 Nh5 18. Nd4 Bxh4 19. Qd2 Bg3 20. Nce2 Qh4
21. Nxg3 Nxg3 22. Nf3 Bxf3 23. Rxf3 Qh1+ 24. Kf2 Qxa1 25. Rxg3 f5 26. Bxh6 fxe4+ 27. Ke2 Qf1+ 28. Ke3 Qg1+ 29. Kxe4 Rae8+ 30. Kd5 Qc5#
0-1

[Event "novice/ beginner/ and intermediate Tourney"]
[Site "SchemingMind.com"]
[Date "2013.09.22"]
[Round "-"]
[White "Arthur Wilding"]
[Black "A330"]
[Result "0-1"]
[WhiteCountry "WLS"]
[BlackCountry "ENG"]
[WhiteElo "1316"]
[WhiteRD "79"]
[BlackElo "2010"]
[BlackRD "68"]
[GameID "338783"]

1. d4 d5 2. e3 Nf6 3. Nf3 e6 4. Nc3 Bb4 5. Bd2 O-O 6. a3 Bxc3 7. Bxc3 Ne4 8. Nd2 Nxc3 9. bxc3 c5 10. dxc5 Qa5
11. Nb1 Qxc5 12. Qd4 Qd6 13. Be2 Nc6 14. Qf4 e5 15. Qg3 a6 16. O-O Bf5 17. Bd3 Bg6 18. Bxg6 fxg6 19. f4 Qf6 20. Qg4 Rad8
21. g3 Na5 22. Nd2 e4 23. Nb1 Nc4 24. Re1 Qb6 25. Qe2 Qe6 26. Nd2 Rc8 27. Reb1 Nd6 28. Rb3 Nb5 29. Nb1 g5 30. a4 Nd6
31. Nd2 gxf4 32. gxf4 Rc7 33. Rab1 Qd7 34. a5 Rc5 35. Ra3 Nb5 36. Rbb3 Nxa3 37. Rxa3 Qh3 38. Nb3 Rxc3 39. Ra4 Rxe3 40. Qe1 Rxe1+
0-1

[Event "novice/ beginner/ and intermediate Tourney"]
[Site "SchemingMind.com"]
[Date "2013.09.22"]
[Round "-"]
[White "A330"]
[Black "Arthur Wilding"]
[Result "1-0"]
[WhiteCountry "ENG"]
[BlackCountry "WLS"]
[WhiteElo "1985"]
[WhiteRD "74"]
[BlackElo "1312"]
[BlackRD "76"]
[GameID "338784"]

1. e4 e5 2. Nf3 d6 3. d4 exd4 4. Nxd4 Nf6 5. Nc3 Nc6 6. Bb5 Bd7 7. O-O Bg4 8. Qd3 Bd7 9. Re1 Be7 10. Nf5 O-O
11. Qg3 Bxf5 12. exf5 h6 13. Bxh6 Nh5 14. Qg4 g6 15. fxg6 Ne5 16. gxf7+ Kh7 17. Qxh5 Rxf7 18. Rxe5 Qg8 19. Bf8#
1-0

[Event "novice/ beginner/ and intermediate Tourney"]
[Site "SchemingMind.com"]
[Date "2013.11.26"]
[Round "-"]
[White "David Hartley"]
[Black "Scooter"]
[Result "1-0"]
[WhiteCountry "ENG"]
[BlackCountry "USA"]
[WhiteElo "1815"]
[WhiteRD "67"]
[BlackElo "1705"]
[BlackRD "45"]
[GameID "342373"]

1. e4 c6 2. c3 d5 3. exd5 cxd5 4. d4 Nf6 5. Bd3 g6 6. Nf3 Bg4 7. h3 Bxf3 8. Qxf3 Bg7 9. O-O O-O 10. Be3 Nbd7
11. Nd2 a6 12. Qd1 b5 13. a3 Nb6 14. b3 Rc8 15. Rc1 e6 16. Rc2 Qe7 17. Qc1 Rc6 18. Qb2 Rfc8 19. Rfc1 e5 20. dxe5 Qxe5
21. Bd4 Qd6 22. c4 dxc4 23. bxc4 bxc4 24. Nxc4 Nxc4 25. Bxc4 Ne8 26. Bxg7 Nxg7 27. Qa2 Kf8 28. a4 Nf5 29. Bb3 Rxc2 30. Rxc2 Qd1+
31. Kh2 Rxc2 32. Qxc2 Qxc2 33. Bxc2 Nd4 34. Bd3 a5 35. Kg3 Ke7 36. Kf4 f6 37. Ke4 Nb3 38. Kd5 Kd7 39. Kc4 Nc1 40. Be4 Ne2
41. Bf3 Nf4 42. Kb5 Ne6 43. Kxa5 Kc7 44. Ka6 h5 45. g3 f5 46. Ka5 Kb8 47. Bd5 Ng5 48. Kb6 Nh7 49. a5 Nf8 50. Bc6
1-0

[Event "novice/ beginner/ and intermediate Tourney"]
[Site "SchemingMind.com"]
[Date "2013.11.26"]
[Round "-"]
[White "Scooter"]
[Black "David Hartley"]
[Result "1/2-1/2"]
[WhiteCountry "USA"]
[BlackCountry "ENG"]
[WhiteElo "1705"]
[WhiteRD "45"]
[BlackElo "1815"]
[BlackRD "67"]
[GameID "342379"]

1. d4 d5 2. Nf3 Nf6 3. Bf4 c5 4. c3 e6 5. e3 Nc6 6. Bb5 Bd6 7. Bxd6 Qxd6 8. O-O O-O 9. Nbd2 a6 10. Bxc6 Qxc6
11. Ne5 Qc7 12. Ndf3 Nd7 13. Nxd7 Bxd7 14. Ne5 Be8 15. Rc1 f6 16. Nf3 Rc8 17. dxc5 Qxc5 18. Qb3 Bc6 19. Nd4 Qe7 20. h3 Be8
21. Rfe1 Bf7 22. Qd1 Rc7 23. Qe2 Rfc8 24. e4 dxe4 25. Qxe4 Re8 26. b3 Qf8 27. c4 e5 28. Nf5 Bg6 29. Qd5+ Bf7 30. Qd6 Qxd6
31. Nxd6 Rd8 32. Nxf7 Kxf7 33. Red1 Rcd7 34. Rxd7+ Rxd7 35. Rc2 Ke6 36. Kf1 Rd4 37. Ke2 h5 38. Rd2 Rxd2+=
1/2-1/2

[Event "novice/ beginner/ and intermediate Tourney"]
[Site "SchemingMind.com"]
[Date "2013.12.12"]
[Round "-"]
[White "A330"]
[Black "Holty"]
[Result "1-0"]
[WhiteCountry "ENG"]
[BlackCountry "ENG"]
[WhiteElo "2067"]
[WhiteRD "66"]
[BlackElo "1648"]
[BlackRD "59"]
[GameID "343583"]

1. e4 e6 2. d4 d5 3. Nc3 Nf6 4. Bg5 dxe4 5. Nxe4 Be7 6. Bxf6 Bxf6 7. Nf3 Nd7 8. Bc4 b6 9. Bb5 a6 10. Bc6 Rb8
11. O-O O-O 12. Qe2 Be7 13. Rad1 b5 14. d5 Rb6 15. Rfe1 exd5 16. Bxd5 Re8 17. Neg5 Rf6 18. Nxf7 Rxf7 19. Ng5 Bxg5 20. Qxe8+ Qxe8
21. Rxe8+ Nf8 22. Rxc8
1-0

[Event "novice/ beginner/ and intermediate Tourney"]
[Site "SchemingMind.com"]
[Date "2013.12.12"]
[Round "-"]
[White "Holty"]
[Black "A330"]
[Result "0-1"]
[WhiteCountry "ENG"]
[BlackCountry "ENG"]
[WhiteElo "1648"]
[WhiteRD "59"]
[BlackElo "2067"]
[BlackRD "66"]
[GameID "343591"]

1. d4 Nf6 2. Nf3 d5 3. e3 e6 4. Bd3 Bd6 5. O-O O-O 6. Nbd2 Nbd7 7. Re1 c5 8. c3 c4 9. Bc2 b5 10. e4 dxe4
11. Nxe4 Nxe4 12. Bxe4 Rb8 13. Bxh7+ Kxh7 14. Ng5+ Kg8 15. Qh5 Nf6 16. Qh4 Re8 17. Ne4 Nxe4 18. Qxe4 Bb7 19. Qg4 Qf6 20. Bg5 Qf5
21. Qh5 f6 22. g4 Qf3 23. Kf1 Qg2+ 24. Ke2 Bf3+ 25. Ke3 fxg5 26. Qxg5 e5 27. Qh4 exd4+ 28. Kd2 Bf4+
0-1

[Event "novice/ beginner/ and intermediate Tourney"]
[Site "SchemingMind.com"]
[Date "2013.12.21"]
[Round "-"]
[White "emvarela"]
[Black "maro"]
[Result "1-0"]
[WhiteCountry "ARG"]
[BlackCountry "MEX"]
[WhiteElo "1674"]
[WhiteRD "46"]
[BlackElo "1406"]
[BlackRD "57"]
[GameID "343937"]

1. e4 e5 2. Nf3 Nf6 3. Nxe5 Nxe4 4. Qe2 d5 5. d4 Qf6 6. f3 Qh4+ 7. g3 Nxg3 8. hxg3 Qxh1 9. Ng6+ Be6 10. Nxh8 Bd6
11. Bf4 Bxf4 12. gxf4 Qh4+ 13. Qf2 Qxf4 14. Nc3 Nc6 15. Ne2 Qf5 16. Ng3 Qf4 17. c3 O-O-O 18. Ne2 Qf5 19. Nxf7 Qxf7 20. Qg3 Re8
21. O-O-O Na5 22. Nf4 h6 23. Nxe6 Rxe6 24. Bh3 Nc4 25. Re1 Kd7 26. Bxe6+
1-0

[Event "novice/ beginner/ and intermediate Tourney"]
[Site "SchemingMind.com"]
[Date "2013.12.21"]
[Round "-"]
[White "maro"]
[Black "emvarela"]
[Result "0-1"]
[WhiteCountry "MEX"]
[BlackCountry "ARG"]
[WhiteElo "1406"]
[WhiteRD "57"]
[BlackElo "1674"]
[BlackRD "46"]
[GameID "343940"]

1. e4 e5 2. Nf3 Nc6 3. Bc4 Nf6 4. Nc3 Nxe4 5. Nxe4 d5 6. Bxd5 Qxd5 7. d3 Bg4 8. O-O Nd4 9. Neg5 O-O-O 10. h3 Bxf3
11. gxf3 h6 12. Ne4 f5 13. Ng3 Nxf3+ 14. Kh1 Nd2+ 15. Kh2 Nxf1+ 16. Qxf1 Bd6 17. f4 exf4 18. Nh5 f3+ 19. Kg1 Bc5+ 20. Kh2 Rde8
21. Nf4 Bd6 22. c4 Bxf4+ 23. Kg1 Qd4+ 24. Kh1 Re2 25. Bxf4 Qxf4
0-1

[Event "novice/ beginner/ and intermediate Tourney"]
[Site "SchemingMind.com"]
[Date "2014.03.10"]
[Round "-"]
[White "David Hartley"]
[Black "emvarela"]
[Result "1-0"]
[WhiteCountry "ENG"]
[BlackCountry "ARG"]
[WhiteElo "1800"]
[WhiteRD "62"]
[BlackElo "1766"]
[BlackRD "50"]
[GameID "349026"]

1. e4 e5 2. Nf3 Nc6 3. Bb5 f5 4. Nc3 fxe4 5. Nxe4 Nf6 6. d3 Nxe4 7. dxe4 d6 8. O-O Bd7 9. Bd2 Be7 10. Re1 a6
11. Bd3 Bg4 12. h3 Bxf3 13. Qxf3 Bg5 14. Qh5+ g6 15. Qxg5 O-O 16. Qxd8 Raxd8 17. Re3 b5 18. Rae1 Ne7 19. Rg3 c5 20. Ree3 c4
21. Be2 Nc6 22. c3 d5 23. Ref3 dxe4 24. Rxf8+ Kxf8 25. Bg5 Rd6 26. Bc1 h5 27. Re3 Kf7 28. Rxe4 Kf6 29. Bf3 Ne7 30. Re1 Re6
31. g3 a5 32. Rd1 e4 33. Bg2 Nf5 34. Rd5 Re5 35. Rd8
1-0

[Event "novice/ beginner/ and intermediate Tourney"]
[Site "SchemingMind.com"]
[Date "2014.03.08"]
[Round "-"]
[White "emvarela"]
[Black "David Hartley"]
[Result "1-0"]
[WhiteCountry "ARG"]
[BlackCountry "ENG"]
[WhiteElo "1766"]
[WhiteRD "50"]
[BlackElo "1800"]
[BlackRD "62"]
[GameID "349027"]

1. e4 e5 2. Nf3 Nc6 3. Bb5 Bc5 4. O-O Nf6 5. Nxe5 Nxe5 6. d4 Bxd4 7. Qxd4 Qe7 8. Bg5 O-O 9. f4 Nc6 10. Bxc6 dxc6
11. Bxf6 Qxf6 12. Qxf6 gxf6 13. Nc3 f5 14. exf5 Bxf5 15. Rf2 Rad8 16. g3 Rd7 17. Rd1 Rxd1+ 18. Nxd1 Re8 19. Nc3 Rd8 20. Kg2 b5
21. a3 a6 22. Kf3 c5 23. Ne4 c4 24. g4 Bc8 25. Rd2 Rf8 26. Nf6+ Kg7 27. g5 Bf5 28. h4 h6 29. Rd5 Bxc2 30. Ng4 Re8
31. gxh6+ Kh8 32. Nf6 Rc8 33. Rd7
1-0

[Event "novice/ beginner/ and intermediate Tourney"]
[Site "SchemingMind.com"]
[Date "2014.06.23"]
[Round "-"]
[White "A330"]
[Black "emvarela"]
[Result "1-0"]
[WhiteCountry "ENG"]
[BlackCountry "ARG"]
[WhiteElo "2159"]
[WhiteRD "79"]
[BlackElo "1677"]
[BlackRD "48"]
[GameID "360272"]

1. f4 d5 2. Nf3 c5 3. b3 Nc6 4. Bb2 e6 5. e3 Nf6 6. Bb5 Be7 7. O-O O-O 8. Bxc6 bxc6 9. c4 Nd7 10. d3 Bf6
11. Bxf6 Nxf6 12. Qd2 Qc7 13. Nc3 dxc4 14. dxc4 Rd8 15. Qc2 h6 16. Na4 Ng4 17. Rfe1 Qe7 18. e4 Qf6 19. h3 Qxf4 20. hxg4 Qxg4
21. e5 Qh5 22. Rad1 Qf5 23. Rxd8+
1-0

[Event "novice/ beginner/ and intermediate Tourney"]
[Site "SchemingMind.com"]
[Date "2014.06.23"]
[Round "-"]
[White "emvarela"]
[Black "A330"]
[Result "0-1"]
[WhiteCountry "ARG"]
[BlackCountry "ENG"]
[WhiteElo "1677"]
[WhiteRD "48"]
[BlackElo "2159"]
[BlackRD "79"]
[GameID "360273"]

1. e4 c5 2. Nf3 d6 3. d4 cxd4 4. Nxd4 Nf6 5. Nc3 a6 6. Bg5 e6 7. f4 Qb6 8. Bxf6 gxf6 9. Qd2 Qxb2 10. Rb1 Qa3
11. Rb3 Qa5 12. Bd3 Nd7 13. f5 Nc5 14. Rb2 Bh6
0-1